[Event "Championnat de France - Open A"]
[Site "Val d'Isere"]
[Date "2002.08.??"]
[Round "5.2"]
[White "Guez, Fabien"]
[Black "L'HUillier, Thibaud"]
[Result "1/2-1/2"]
[WhiteElo "2117"]
[BlackElo "2020"]
[PlyCount "72"]
[EventDate "2002.08.??"]
[SourceDate "2002.08.21"]

1. e4 c6 2. d4 d5 3. exd5 cxd5 4. c4 g6 5. cxd5 Nf6 6. Qa4+ Nbd7 7. Nc3 Bg7 8.
Be2 O-O 9. Bf3 Nb6 10. Qb3 Bf5 11. a4 a5 12. Nge2 Bd3 13. d6 exd6 14. Bxb7 Rb8
15. Bf3 Re8 16. Qd1 Bc4 17. O-O Nfd5 18. Nxd5 Nxd5 19. Re1 Nb4 20. b3 Bd3 21.
Ba3 Bc2 22. Qd2 Bxb3 23. Bxb4 Rxb4 24. Reb1 Rxa4 25. Rxa4 Bxa4 26. Ra1 Bb5 27.
Nc3 Bc4 28. Ne4 Bd5 29. Ng5 Bxf3 30. Nxf3 Qb6 31. h3 Ra8 32. Qf4 a4 33. Ng5 Ra7
34. Rxa4 h6 35. Rxa7 Qxa7 36. Nf3 Qe7 1/2-1/2

[Event "Championnat de France - Open A"]
[Site "Val d'Isere"]
[Date "2002.08.??"]
[Round "5.3"]
[White "Chevant, Louis"]
[Black "Mirescu, Ovidiu"]
[Result "1-0"]
[WhiteElo "2107"]
[BlackElo "2192"]
[PlyCount "71"]
[EventDate "2002.08.??"]
[SourceDate "2002.08.21"]

1. Nf3 Nc6 2. d4 d5 3. c4 Bg4 4. e3 e5 5. Qb3 Bxf3 6. gxf3 Nf6 7. Qxb7 Nb4 8.
Qb5+ Qd7 9. Qxd7+ Nxd7 10. Kd2 exd4 11. a3 Nc5 12. exd4 Nb3+ 13. Kc3 Nxa1 14.
axb4 a5 15. bxa5 Rb8 16. c5 Nb3 17. Bf4 Kd7 18. a6 Be7 19. Na3 Bf6 20. Bb5+
Rxb5 21. Nxb5 Nxc5 22. Nxc7 Ne6 23. Nxe6 fxe6 24. a7 Ra8 25. Bb8 Be7 26. Kd3
Bd6 27. Bxd6 Kxd6 28. Ra1 Kc6 29. Ke3 Kb5 30. Kf4 Kc4 31. Ke5 Kb3 32. Ra6 Kxb2
33. Kxe6 Kc3 34. Kxd5 Kb4 35. Kc6 Kc4 36. Kb7 1-0

[Event "Championnat de France - Open A"]
[Site "Val d'Isere"]
[Date "2002.08.??"]
[Round "5.4"]
[White "Ouakhir, Mehdi"]
[Black "Moret, Vincent"]
[Result "0-1"]
[WhiteElo "2110"]
[BlackElo "2184"]
[PlyCount "56"]
[EventDate "2002.08.??"]
[SourceDate "2002.08.21"]

1. d4 Nf6 2. c4 c5 3. d5 b5 4. Nd2 bxc4 5. e4 c3 6. bxc3 g6 7. Nc4 d6 8. Bd3
Bg7 9. Ne2 O-O 10. O-O Nbd7 11. Qc2 Nb6 12. Bb2 Ba6 13. Nxb6 Bxd3 14. Qxd3 Qxb6
15. Rab1 Ng4 16. Qc2 Rab8 17. Ba1 Qa6 18. h3 Ne5 19. Rxb8 Rxb8 20. f4 Nc4 21.
Kf2 Na3 22. Qd2 Rb6 23. Nc1 Nb1 24. Qc2 Qc4 25. Ne2 Na3 26. Qc1 Qxa2 27. Qe3
Rb1 28. Rxb1 Nxb1 0-1

[Event "Championnat de France - Open A"]
[Site "Val d'Isere"]
[Date "2002.08.??"]
[Round "5.5"]
[White "Tournier, Mathieu"]
[Black "Larrat, Philippe"]
[Result "1-0"]
[WhiteElo "2080"]
[BlackElo "2164"]
[PlyCount "63"]
[EventDate "2002.08.??"]
[SourceDate "2002.08.21"]

1. e4 c5 2. c3 g6 3. d4 cxd4 4. cxd4 d5 5. exd5 Nf6 6. Nc3 Bg7 7. Bc4 O-O 8.
Nge2 Nbd7 9. Nf4 Nb6 10. Bb3 Bf5 11. Qe2 a6 12. O-O Qd6 13. Re1 Rfe8 14. h3 h6
15. Qf3 Rac8 16. g4 Bd7 17. Nd3 Nc4 18. Bf4 Qb6 19. Nc5 Na5 20. Be5 Nxb3 21.
axb3 Bb5 22. Rac1 Nd7 23. Bxg7 Kxg7 24. N3e4 Nf6 25. Nc3 Rcd8 26. Re3 Rd6 27.
Rce1 Qc7 28. N3e4 Nxe4 29. Nxe4 Rdd8 {#} (29... Rxd5 30. Nf6 $1) 30. g5 $1 Rxd5
(30... hxg5 31. Nxg5 {et f7 ne peut etre defendu.}) 31. gxh6+ Kg8 $4 (31... Kf8
32. Nf6 $3 Rg5+ 33. Kh1 exf6 34. Rxe8+ Bxe8 35. h7 Kg7 36. Qxf6+ $3 Kxf6 (36...
Kxh7 37. Qxg5) 37. h8=Q+ Kf5 38. Re5+ Kf4 39. Qf6+ Rf5 40. Qh4+ Kf3 41. Qg3# {
aurait ete un joli fin}) ({Mais; il fallait jouer} 31... Kxh6 32. Qxf7 Rf5 33.
Qe6 Bd7 34. Qc4 $16) 32. Nf6+ 1-0

[Event "Championnat de France - Open A"]
[Site "Val d'Isere"]
[Date "2002.08.??"]
[Round "5.78"]
[White "Gregory, Daniel"]
[Black "Simon, Leopold"]
[Result "1-0"]
[WhiteElo "2112"]
[BlackElo "2010"]
[PlyCount "19"]
[EventDate "2002.08.??"]
[SourceDate "2002.08.21"]

1. Nf3 Nc6 2. c4 Nf6 3. d4 d5 4. cxd5 Nxd5 5. e4 Nf6 6. d5 {#} 6... Nxe4 $2 {
Oui mais ...} 7. Be3 $1 {Et le piege} (7. dxc6 Qxd1+ 8. Kxd1 Nxf2+ $19 {
ne marche pas.}) 7... e6 8. dxc6 Bb4+ 9. Nbd2 O-O 10. Be2 1-0

[Event "Championnat de France - Open A"]
[Site "Val d'Isere"]
[Date "2002.08.??"]
[Round "5.92"]
[White "Sorin, Baptiste"]
[Black "Lam, Sophie"]
[Result "1/2-1/2"]
[WhiteElo "2071"]
[BlackElo "1970"]
[PlyCount "135"]
[EventDate "2002.08.??"]
[SourceDate "2002.08.21"]

1. e4 c5 2. Nf3 d6 3. d4 cxd4 4. Nxd4 Nf6 5. Nc3 g6 6. Be3 Bg7 7. f3 Nc6 8. Qd2
O-O 9. Bc4 Nxd4 10. Bxd4 Be6 11. Nd5 Bxd5 12. exd5 Qd7 13. O-O b5 14. Bb3 Qb7
15. Rfe1 Rfe8 16. a4 b4 17. a5 Rec8 18. Re2 Rc7 19. Rae1 Kf8 20. Qd3 Rb8 21.
Bc4 Nd7 22. Rxe7 Ne5 23. Bxe5 Bxe5 24. Ba6 Rxe7 25. Bxb7 Rbxb7 26. Rb1 Rbc7 27.
Qb3 Rc5 28. Rd1 Rb7 29. Re1 Rbb5 30. Rxe5 dxe5 31. d6 Rd5 32. Qc4 Rbc5 33. Qe4
Rxd6 34. Qxb4 Rdc6 35. c3 Ke7 36. Kf2 Ke6 37. Ke3 Rd5 38. c4 Rd4 39. b3 Rcd6
40. Qc3 a6 41. g4 f5 42. g5 Rh4 43. c5 Rdd4 44. Kf2 Rxh2+ 45. Ke1 Rg2 46. c6
Rg1+ 47. Kf2 Rgd1 48. Kg3 f4+ 49. Kh3 R1d3 50. Qc2 Rxf3+ 51. Kg4 Rg3+ 52. Kh4
Rdd3 53. Qc4+ Ke7 54. Qc5+ Ke6 55. Qc4+ Kd6 56. Qb4+ Ke6 57. Qc4+ Kd6 58. Qb4+
Kxc6 59. Qc4+ Kd7 60. Qf7+ Kd6 61. Qf6+ Kd5 62. Qf7+ Ke4 63. Qc4+ Ke3 64. Qc5+
Kf3 65. Qxe5 Rg4+ 66. Kh3 Rg3+ 67. Kh4 Rxb3 {#} 68. Qe2+ 1/2-1/2

[Event "Championnat de France - Open A"]
[Site "Val d'Isere"]
[Date "2002.08.25"]
[Round "6.1"]
[White "Chevant, Louis"]
[Black "Jablonski, Noham"]
[Result "1/2-1/2"]
[WhiteElo "2107"]
[BlackElo "2182"]
[PlyCount "20"]
[EventDate "2002.08.??"]
[SourceDate "2002.08.21"]

1. Nf3 Nf6 2. c4 c5 3. g3 g6 4. Bg2 Bg7 5. O-O O-O 6. d4 cxd4 7. Nxd4 d5 8.
cxd5 Nxd5 9. Nb3 Nb6 10. Nc3 Nc6 1/2-1/2

[Event "Championnat de France - Open A"]
[Site "Val d'Isere"]
[Date "2002.08.25"]
[Round "6.2"]
[White "Moret, Vincent"]
[Black "Tournier, Mathieu"]
[Result "1/2-1/2"]
[WhiteElo "2184"]
[BlackElo "2080"]
[PlyCount "24"]
[EventDate "2002.08.??"]
[SourceDate "2002.08.21"]

1. c4 Nf6 2. Nf3 c6 3. g3 d5 4. b3 Bg4 5. Bg2 e6 6. O-O Bd6 7. Bb2 O-O 8. d3
Qe7 9. Nbd2 Nbd7 10. h3 Bh5 11. e4 dxe4 12. dxe4 Ba3 1/2-1/2

[Event "Championnat de France - Open A"]
[Site "Val d'Isere"]
[Date "2002.08.25"]
[Round "6.3"]
[White "Plane, Boris"]
[Black "Helstroffer, Arnaud"]
[Result "0-1"]
[WhiteElo "2157"]
[BlackElo "2075"]
[PlyCount "78"]
[EventDate "2002.08.??"]
[SourceDate "2002.08.21"]

1. e4 c5 2. Nf3 d6 3. d4 cxd4 4. Qxd4 Bd7 5. Bg5 Nc6 6. Qd2 h6 7. Bh4 Qb6 8.
Nc3 g5 9. Bg3 Bg7 10. Rb1 Qb4 11. Be2 Bxc3 12. Qxc3 Qxc3+ 13. bxc3 b6 14. h4 g4
15. Nd4 Nf6 16. f3 Nh5 17. Bf2 Nf4 18. Bf1 Ne6 19. h5 gxf3 20. gxf3 Ne5 21. Ba6
Nxd4 22. cxd4 Nxf3+ 23. Ke2 Ng5 24. Kd3 O-O 25. Be3 Bc8 26. Bc4 Kg7 27. Rhg1 f6
28. Rbe1 Bb7 29. Bf4 e5 30. Bd2 Kh7 31. Rgf1 Rac8 32. d5 Rxc4 33. Kxc4 Ba6+ 34.
Kb3 Bxf1 35. Bb4 Bg2 36. Bxd6 Rf7 37. c4 Nxe4 38. Ba3 Nc5+ 39. Kc3 Rg7 0-1

[Event "Championnat de France - Open A"]
[Site "Val d'Isere"]
[Date "2002.08.25"]
[Round "6.4"]
[White "L'Huillier, Thibaud"]
[Black "Ter Sarkissoff, Jean-Jacques"]
[Result "1/2-1/2"]
[WhiteElo "2021"]
[BlackElo "2131"]
[PlyCount "28"]
[EventDate "2002.08.??"]
[SourceDate "2002.08.21"]

1. d4 d5 2. c4 dxc4 3. e3 a6 4. Bxc4 e6 5. Nf3 Nf6 6. O-O b5 7. Bb3 Bb7 8. Nbd2
Nbd7 9. Re1 c5 10. e4 cxd4 11. e5 Nd5 12. Nxd4 Nc5 13. N2f3 Nxb3 14. Nxb3 Be7
1/2-1/2

[Event "Championnat de France - Open A"]
[Site "Val d'Isere"]
[Date "2002.08.25"]
[Round "6.5"]
[White "Ragot, Nicolas"]
[Black "Guez, Fabien"]
[Result "1/2-1/2"]
[WhiteElo "2100"]
[BlackElo "2118"]
[PlyCount "123"]
[EventDate "2002.08.??"]
[SourceDate "2002.08.21"]

1. c4 e6 2. g3 d5 3. Bg2 Nf6 4. Nf3 Be7 5. O-O O-O 6. b3 b6 7. Bb2 Bb7 8. cxd5
exd5 9. d4 Ne4 10. Nc3 Re8 11. e3 Bf6 12. Nd2 Qe7 13. Ndxe4 dxe4 14. Rc1 Na6
15. Qe2 Nb4 16. Ba3 a5 17. Rfd1 Qd7 18. Qd2 Ra7 19. Bf1 Nd3 20. Bxd3 exd3 21.
Qxd3 Raa8 22. d5 g6 23. e4 h5 24. f4 Qg4 25. e5 Bg7 26. Qe2 Qd7 27. Rd2 Kh7 28.
Rcd1 Qf5 29. Qd3 Qd7 30. Ne4 Rad8 31. Bb2 Rh8 32. e6 fxe6 33. Ng5+ Kh6 34.
Bxg7+ Qxg7 35. Nxe6 Qe7 36. Nxd8 Rxd8 37. Qf3 Re8 38. f5 g5 39. f6 Qc5+ 40. Qf2
Qc3 41. f7 Rf8 42. Rc2 Qe5 43. Re1 Qxd5 44. Qf6+ Kh7 45. Re6 Qd1+ 46. Kf2 Qxc2+
47. Ke3 Qc1+ 48. Kf2 Qd2+ 49. Kf1 Ba6+ 50. Kg1 Qd1+ 51. Kg2 Qd5+ 52. Kf2 Qd2+
53. Kg1 Qc1+ 54. Kg2 Qf1+ 55. Qxf1 Bxf1+ 56. Kxf1 Kg7 57. Ke2 Rxf7 58. Ke3 Rd7
59. Ke2 Kf7 60. Rh6 Re7+ 61. Kd2 Rd7+ 62. Ke2 1/2-1/2

[Event "Championnat de France - Open A"]
[Site "Val d'Isere"]
[Date "2002.08.??"]
[Round "6.41"]
[White "Marciniak, Alexandre"]
[Black "Bruneau, Francois"]
[Result "1-0"]
[WhiteElo "2168"]
[BlackElo "2064"]
[PlyCount "41"]
[EventDate "2002.08.??"]
[SourceDate "2002.08.21"]

1. e4 d6 2. d4 Nf6 3. Nc3 g6 4. Be3 c6 5. h3 b5 6. e5 dxe5 7. dxe5 Qxd1+ 8.
Rxd1 Nfd7 9. f4 f6 10. e6 Nb6 {# Et maintenant a l'attaque.} 11. Nxb5 $1 cxb5
12. Bxb5+ Bd7 13. Bxb6 $3 {
plus fort que 13.exd7, menacant mat: si ...Fxb5 14.Td8 mat.} 13... axb6 14.
exd7+ Kd8 15. Nf3 Rxa2 16. Nd4 Nxd7 17. Ne6+ Kc8 18. Bxd7+ Kb8 19. O-O Rxb2 20.
Bc6 Bh6 21. Ra1 1-0

[Event "Championnat de France - Open A"]
[Site "Val d'Isere"]
[Date "????.??.??"]
[Round "6.45"]
[White "Guy, Ange"]
[Black "Girard, Eric"]
[Result "1-0"]
[WhiteElo "2050"]
[BlackElo "2144"]
[PlyCount "49"]
[EventDate "2002.08.??"]
[SourceDate "2002.08.21"]

1. e4 e6 2. d3 d5 3. Nd2 Nf6 4. Ngf3 Be7 5. g3 c5 6. Bg2 Nc6 7. O-O O-O 8. Re1
b5 9. e5 Nd7 10. Nf1 a5 11. Bf4 b4 12. Qe2 a4 13. Ne3 a3 14. b3 Ba6 15. h4 Rc8
16. h5 Kh8 17. Rad1 Nd4 18. Nxd4 cxd4 19. Ng4 Rc6 20. Rd2 Qc7 21. Nf6 gxf6 22.
exf6 Bd6 23. Bh6 Qd8 24. Bg7+ Kg8 25. Qg4 {
# Et maintenant mat en quatre. Trouvez-le.} 1-0

[Event "Championnat de France - Open A"]
[Site "Val d'Isere"]
[Date "????.??.??"]
[Round "6.128"]
[White "Debray, Tristan"]
[Black "Fillaudeau, Emmanuel"]
[Result "1-0"]
[WhiteElo "2042"]
[BlackElo "1850"]
[PlyCount "23"]
[EventDate "2002.08.??"]
[SourceDate "2002.08.21"]

1. e4 d5 2. exd5 Qxd5 3. Nc3 Qd6 4. Nf3 Nf6 5. d4 Bg4 6. Be3 e6 7. h3 Bh5 8. g4
Bg6 9. Ne5 Nbd7 10. Nb5 Qb6 11. d5 Bc5 $4 {#} 12. Nc4 $1 1-0

[Event "Championnat de France - Open A"]
[Site "Val d'Isere"]
[Date "2002.08.28"]
[Round "7.1"]
[White "Helstroffer, Arnaud"]
[Black "Chevant, Louis"]
[Result "1-0"]
[WhiteElo "2075"]
[BlackElo "2107"]
[PlyCount "45"]
[EventDate "2002.08.??"]
[SourceDate "2002.08.21"]

1. e4 e6 2. d4 d5 3. Nc3 Be7 4. Nf3 Nf6 5. Bd3 c5 6. exd5 exd5 7. dxc5 O-O 8.
Be3 Nbd7 9. O-O Nxc5 10. h3 Nfe4 11. Bxc5 Bxc5 12. Nxe4 dxe4 13. Bxe4 Qf6 14.
c3 Qf4 15. Qa4 g6 16. Qc4 Bb6 17. Bd3 Qg3 18. Qh4 Qc7 19. Qh6 Rd8 20. Rae1 Be6
21. Ng5 Rd5 22. Qxh7+ Kf8 23. Rxe6 1-0

[Event "Championnat de France - Open A"]
[Site "Val d'Isere"]
[Date "2002.08.28"]
[Round "7.2"]
[White "Jablonski, Noham"]
[Black "Meynard, Thibault"]
[Result "1/2-1/2"]
[WhiteElo "2182"]
[BlackElo "2193"]
[PlyCount "112"]
[EventDate "2002.08.??"]
[SourceDate "2002.08.21"]

1. e4 c5 2. Nf3 Nc6 3. d3 g6 4. g3 Bg7 5. Bg2 d6 6. O-O e5 7. c3 Nge7 8. Nh4
O-O 9. f4 exf4 10. gxf4 f5 11. Nf3 h6 12. Be3 Be6 13. Na3 Qd7 14. Nc2 c4 15.
Ncd4 cxd3 16. Qxd3 fxe4 17. Qxe4 Bf5 18. Nxf5 Nxf5 19. Bf2 Rae8 20. Qd3 Kh7 21.
Rad1 Qe6 22. Qd5 Qxd5 23. Rxd5 Re2 24. Rb5 Rf7 25. Re1 Rxe1+ 26. Nxe1 Bf6 27.
Nf3 Rc7 28. Nd2 a6 29. Rb6 Na5 30. Bd5 Kg7 31. Nb3 Ne7 32. Be6 Nxb3 33. Bxb3
Nc8 34. Rb4 b5 35. a4 bxa4 36. Bxa4 d5 37. Bb3 Rd7 38. Bc2 Ne7 39. Kf1 Rc7 40.
Bd4 Bxd4 41. Rxd4 Rb7 42. b3 Rc7 43. Rd3 a5 44. Ke2 Rc5 45. Kd2 Nf5 46. b4 axb4
47. cxb4 Rc4 48. b5 Rxf4 49. Rxd5 Rf2+ 50. Kd3 Rf3+ 51. Ke2 Rf4 52. Bxf5 gxf5
53. b6 Rb4 54. Rd6 Rb3 55. h4 h5 56. Rc6 f4 1/2-1/2

[Event "Championnat de France - Open A"]
[Site "Val d'Isere"]
[Date "2002.08.28"]
[Round "7.3"]
[White "Praud, Jean-Luc"]
[Black "Laporte, Damien"]
[Result "0-1"]
[WhiteElo "2189"]
[BlackElo "2117"]
[PlyCount "72"]
[EventDate "2002.08.??"]
[SourceDate "2002.08.21"]

1. d4 d6 2. g3 c6 3. Bg2 Nf6 4. b3 e5 5. Bb2 e4 6. e3 d5 7. Qd2 b5 8. Ba3 Bxa3
9. Nxa3 O-O 10. c3 h5 11. h4 Bg4 12. Nh3 Na6 13. c4 Qe7 14. Qa5 Nb4 15. O-O a6
16. Nf4 Nd3 17. Nxd3 exd3 18. c5 Be2 19. Rfe1 Ne4 20. Bxe4 dxe4 21. Nb1 g5 22.
hxg5 h4 23. gxh4 Qe6 24. Qc7 f6 25. g6 {#} 25... Ra7 26. Qg3 Bh5 27. Qd6 Qg4+
28. Qg3 Qc8 29. Kh2 Rg7 30. Rg1 Rxg6 31. Qf4 Rxg1 32. Kxg1 Kf7 33. Kh2 Rg8 34.
Qxe4 f5 35. Qxd3 Bf3 36. Nd2 Qc7+ 0-1

[Event "Championnat de France - Open A"]
[Site "Val d'Isere"]
[Date "2002.08.28"]
[Round "7.4"]
[White "Aguettaz, Maxime"]
[Black "Ragot, Nicolas"]
[Result "1-0"]
[WhiteElo "2187"]
[BlackElo "2100"]
[PlyCount "68"]
[EventDate "2002.08.??"]
[SourceDate "2002.08.21"]

1. Nf3 c5 2. g3 g6 3. Bg2 Bg7 4. O-O Nc6 5. d3 d6 6. e4 e5 7. c3 Nge7 8. a3 a5
9. a4 O-O 10. Na3 Kh8 11. Nb5 f5 12. Qb3 h6 13. exf5 Nxf5 14. Nd2 Re8 15. Bd5
Nce7 16. Bg2 Nc6 17. Ne4 Be6 18. Qd1 Bf8 19. Be3 Nxe3 20. fxe3 d5 21. Nf6 Re7
22. e4 d4 23. Nd5 Rf7 24. Nbc7 Bxd5 25. Nxd5 Rxf1+ 26. Qxf1 dxc3 27. bxc3 c4
28. dxc4 Bc5+ 29. Kh1 Qf8 30. Qb1 Rb8 31. Qb5 Qd6 32. Rf1 Kg7 33. Rf6 Na7 34.
Rxd6 Nxb5 1-0

[Event "Championnat de France - Open A"]
[Site "Val d'Isere"]
[Date "2002.08.28"]
[Round "7.5"]
[White "Guez, Fabien"]
[Black "Moret, Vincent"]
[Result "1-0"]
[WhiteElo "2118"]
[BlackElo "2184"]
[PlyCount "127"]
[EventDate "2002.08.??"]
[SourceDate "2002.08.21"]

1. e4 c5 2. Nf3 d6 3. d4 cxd4 4. Nxd4 Nf6 5. Nc3 g6 6. Bc4 Bg7 7. h3 O-O 8. O-O
Nc6 9. Bb3 Bd7 10. Be3 Qa5 11. Re1 Rac8 12. Nd5 Nxd5 13. exd5 Nxd4 14. Bxd4
Rfe8 15. Bxg7 Kxg7 16. Qd4+ f6 17. c3 Qc5 18. Qd2 Rc7 19. Re3 Bb5 20. Re4 Bd7
21. Rae1 Bf5 22. Rc4 Qa5 23. Ra4 Qc5 24. g4 b5 25. Rf4 Bc8 26. h4 Bb7 27. Re3
Rf8 28. Rfe4 e5 29. Rg3 Rcf7 30. h5 g5 31. h6+ Kh8 32. Rf3 Rg8 33. Qd3 Rg6 34.
Rb4 a6 35. Rh3 Bc8 36. a4 Bd7 37. axb5 axb5 38. Bc2 Qc8 39. Qf3 Qf8 40. Bxg6
hxg6 41. Qe3 Qc8 42. f3 Qa8 43. Qd2 Qa7+ 44. Kg2 Qc5 45. Rh1 Rf8 46. Ra1 Kh7
47. Rd1 Qc8 48. Qe3 Qd8 49. Ra1 f5 50. Ra7 f4 51. Qe1 Kh8 52. Qe4 Bf5 53. gxf5
gxf5 54. Qe2 g4 55. Qxb5 Qh4 56. fxg4 Qg3+ 57. Kf1 Qf3+ 58. Ke1 Qe3+ 59. Kd1
Qxa7 60. Qc6 Qg1+ 61. Kc2 Qf2+ 62. Kb3 Qc5 63. Qb7 Rg8 64. Qf7 1-0

[Event "Championnat de France - Open A"]
[Site "Val d'Isere"]
[Date "????.??.??"]
[Round "7.9"]
[White "Strugnell, Carl"]
[Black "Broca, Alexandre"]
[Result "0-1"]
[WhiteElo "2079"]
[BlackElo "2126"]
[PlyCount "80"]
[EventDate "2002.08.??"]
[SourceDate "2002.08.21"]

1. e4 e5 2. Nc3 Nc6 3. g3 Bc5 4. Bg2 d6 5. Na4 Be6 6. a3 Nf6 7. h3 O-O 8. b4
Bb6 9. Ne2 d5 10. Bb2 dxe4 11. Nxb6 axb6 12. Nc3 Bf5 13. g4 Bg6 14. h4 h6 15.
g5 Bh5 16. Qc1 Nd5 17. Nxd5 Qxd5 18. gxh6 Qc4 19. Bf1 Qe6 20. hxg7 Rfd8 21. c3
{#} 21... Rd3 $5 22. Rg1 f6 23. Qb1 Rad8 24. Bxd3 exd3 25. Qa2 Rd5 26. Rg3 Ne7
27. Kf1 Be2+ 28. Kg2 e4 29. Rg1 Nf5 30. Qc4 Nxh4+ 31. Kh1 Bf3+ 32. Kh2 Ng6 33.
Rh3 (33. Rxg6 $2 {perd la Dame blanche.} 33... Rh5+) 33... Qe5+ 34. Rgg3 Kxg7
35. Qb3 e3 36. fxe3 Be4 37. c4 Qf5 38. Rxg6+ $2 (38. Kg1 {pare la menace.})
38... Qxg6 39. Bxf6+ Kxf6 40. Qc3+ Kf7 0-1

[Event "Championnat de France - Open A"]
[Site "Val d'Isere"]
[Date "2002.08.29"]
[Round "8.1"]
[White "Helstroffer, Arnaud"]
[Black "Aguettaz, Maxime"]
[Result "1-0"]
[WhiteElo "2075"]
[BlackElo "2187"]
[PlyCount "113"]
[EventDate "2002.08.??"]
[SourceDate "2002.08.21"]

1. e4 c5 2. Nf3 Nc6 3. Nc3 Nf6 4. d4 cxd4 5. Nxd4 e5 6. Ndb5 d6 7. Nd5 Nxd5 8.
exd5 Nb8 9. c4 a6 10. Nc3 Be7 11. Bd3 f5 12. O-O O-O 13. f3 Nd7 14. Be3 f4 15.
Bf2 Rf6 16. Qe2 Rh6 17. Bf5 Bh4 18. Ne4 Nb6 19. Bxc8 Bxf2+ 20. Qxf2 Rxc8 21. b3
Nd7 22. Rac1 Nf6 23. Nxf6+ Rxf6 24. b4 Rf7 25. Rfd1 g5 26. c5 g4 27. fxg4 f3
28. gxf3 e4 29. f4 Qd7 30. Kh1 Re8 31. Qe3 Qa4 32. a3 a5 33. Rd4 axb4 34. axb4
Qa2 35. cxd6 Rg7 36. g5 Rd7 37. Rd2 Qa6 38. Rdc2 Qxd6 39. Rc8 Rde7 40. Rxe8+
Rxe8 41. Rd1 Qxb4 42. d6 Qa4 43. Qd4 Qd7 44. Qd5+ Kg7 45. Rc1 Qh3 46. Qd4+ Kf8
47. Qc3 Qxc3 48. Rxc3 e3 49. d7 Rd8 50. Rc8 Ke7 51. Rxd8 Kxd8 52. Kg2 Kxd7 53.
f5 Kd6 54. Kf3 Ke5 55. f6 Ke6 56. Kxe3 h6 57. h4 1-0

[Event "Championnat de France - Open A"]
[Site "Val d'Isere"]
[Date "2002.08.29"]
[Round "8.2"]
[White "Laporte, Damien"]
[Black "Jablonski, Noham"]
[Result "0-1"]
[WhiteElo "2117"]
[BlackElo "2182"]
[PlyCount "77"]
[EventDate "2002.08.??"]
[SourceDate "2002.08.21"]

1. e4 c5 2. c3 Nf6 3. d3 d6 4. Nd2 Nc6 5. Be2 e5 6. a3 Be7 7. Ngf3 O-O 8. b4 a6
9. O-O d5 10. Qc2 Qc7 11. Bb2 Nd8 12. Rfc1 Ne6 13. Bf1 dxe4 14. dxe4 b6 15. b5
axb5 16. Bxb5 Bb7 17. Re1 Nf4 18. Nc4 Ng6 19. Nfd2 Nh5 20. Ne3 Nhf4 21. Bc4 Bc6
22. g3 Nh3+ 23. Kg2 Ng5 24. Bd5 Rfd8 25. h4 Ne6 26. Nf3 Ngf4+ 27. gxf4 Nxf4+
28. Kf1 Qd7 29. Ng1 Bxh4 30. Red1 Bb5+ 31. Ke1 Ba4 32. Bb3 Bxb3 33. Qxb3 Qc6
34. Nd5 Qg6 35. Ne2 Qxe4 36. Qb5 Rxd5 37. Rxd5 Nxd5 38. Rd1 Nf4 39. Rd6 0-1

[Event "Championnat de France - Open A"]
[Site "Val d'Isere"]
[Date "2002.08.29"]
[Round "8.3"]
[White "Camus De Sollier, Guillaume"]
[Black "Guez, Fabien"]
[Result "1-0"]
[WhiteElo "2133"]
[BlackElo "2118"]
[PlyCount "111"]
[EventDate "2002.08.??"]
[SourceDate "2002.08.21"]

1. d4 e6 2. c4 d5 3. Nc3 c5 4. cxd5 exd5 5. Nf3 Nc6 6. g3 Nf6 7. Bg2 Be7 8. O-O
O-O 9. Bg5 c4 10. Ne5 Be6 11. Nxc6 bxc6 12. b3 Qa5 13. Na4 Rfd8 14. e3 Rac8 15.
bxc4 dxc4 16. Bxf6 gxf6 17. Qc2 f5 18. Rad1 Ba3 19. Nc3 Bb4 20. Ne2 c3 21. Ra1
Bc4 22. Rfd1 Bxe2 23. Qxe2 Ba3 24. Rab1 Qa4 25. Rb3 Bb2 26. Qc2 Qa5 27. h4 Rd6
28. Bh3 Rcd8 29. Bxf5 c5 30. Bxh7+ Kf8 31. Qf5 Qxa2 32. Rb7 cxd4 33. Qg5 R6d7
34. Rxd4 Qa1+ 35. Kh2 Qf1 36. Rbxd7 Qxf2+ 37. Kh3 Qf1+ 38. Kh2 Qf2+ 39. Kh3
Qf1+ 40. Kg4 Qe2+ 41. Kf4 Rxd7 42. Qg8+ Ke7 43. Qg5+ Kf8 44. Qg8+ Ke7 45. Re4+
Kd6 46. Rd4+ Kc7 47. Rxd7+ Kxd7 48. Qxf7+ Kd8 49. Qd5+ Kc7 50. Qc5+ Kd7 51.
Bf5+ Ke8 52. Qc6+ Kf7 53. Qe6+ Kf8 54. Qd6+ Kf7 55. Be6+ Ke8 56. Qd7+ 1-0

[Event "Championnat de France - Open A"]
[Site "Val d'Isere"]
[Date "2002.08.29"]
[Round "8.4"]
[White "Broca, Alexandre"]
[Black "Chabradze, Boris"]
[Result "1-0"]
[WhiteElo "2126"]
[BlackElo "2100"]
[PlyCount "81"]
[EventDate "2002.08.??"]
[SourceDate "2002.08.21"]

1. e4 c5 2. Nf3 d6 3. d4 cxd4 4. Nxd4 Nf6 5. Nc3 a6 6. Bg5 e6 7. f4 Be7 8. Qf3
Qc7 9. O-O-O Nbd7 10. g4 b5 11. Bxf6 Nxf6 12. g5 Nd7 13. f5 Bxg5+ 14. Kb1 Ne5
15. Qh5 Qd8 16. Nxe6 Bxe6 17. fxe6 O-O 18. Rg1 Bf6 19. Bh3 fxe6 20. Bxe6+ Kh8
21. Nd5 Qe8 22. Qh3 Ra7 23. Rg3 g6 24. Rc3 Nd7 25. Rc6 Be5 26. Bg4 Nc5 27. Rc8
Qf7 28. Rf1 Rxc8 29. Rxf7 Rxf7 30. Bxc8 Nxe4 31. c3 Nd2+ 32. Kc2 Rf2 33. Qh4
Ne4+ 34. Kc1 Nc5 35. Nb4 Bf4+ 36. Kd1 Rd2+ 37. Ke1 g5 38. Qh6 Kg8 39. Be6+ Nxe6
40. Qxe6+ Kg7 41. Nd5 1-0

[Event "Championnat de France - Open A"]
[Site "Val d'Isere"]
[Date "2002.08.29"]
[Round "8.5"]
[White "Meynard, Thibault"]
[Black "Grandmougin, Olivier"]
[Result "1-0"]
[WhiteElo "2193"]
[BlackElo "2111"]
[PlyCount "71"]
[EventDate "2002.08.??"]
[SourceDate "2002.08.21"]

1. d4 Nf6 2. Bg5 h6 3. Bxf6 gxf6 4. e3 d5 5. c4 c6 6. cxd5 cxd5 7. Nc3 e6 8.
Qb3 Bd7 9. Qxb7 Nc6 10. Qb3 Rb8 11. Qc2 Qa5 12. Nf3 e5 13. Be2 Rg8 14. dxe5
fxe5 15. Rd1 Nb4 16. Qb1 e4 17. Nd4 Rxg2 18. Nb3 Qd8 19. Nxd5 Bf5 20. Nf4 Nd3+
21. Bxd3 Bb4+ 22. Rd2 Qg5 23. Bf1 Rg4 24. Qd1 Qf6 25. Nd4 Rxf4 26. a3 Bg4 27.
Qa4+ Bd7 28. Qd1 Bxd2+ 29. Qxd2 Rh4 30. b4 Qd6 31. h3 a5 32. Rg1 Kf8 33. b5
Qxa3 34. Nc2 Qe7 35. Qd4 Rc8 36. Qh8# 1-0

[Event "Championnat de France - Open A"]
[Site "Val d'Isere"]
[Date "2002.08.??"]
[Round "9.1"]
[White "Jablonski, Noham"]
[Black "Helstroffer, Arnaud"]
[Result "0-1"]
[WhiteElo "2182"]
[BlackElo "2075"]
[PlyCount "90"]
[EventDate "2002.08.??"]
[SourceDate "2002.08.21"]

1. e4 c5 2. Nf3 Nc6 3. d3 g6 4. g3 Bg7 5. Bg2 e5 6. O-O Nge7 7. c3 O-O 8. Be3
b6 9. Nh4 d5 10. f4 exf4 11. Bxf4 h6 12. Bd2 Kh7 13. exd5 Nxd5 14. Na3 Nde7 15.
Qe2 Ba6 16. Nc4 Qd7 17. Bf4 Rad8 18. Rad1 g5 19. Bxg5 hxg5 20. Qh5+ Kg8 21. Nf3
Qe6 22. Nxg5 Qg6 23. Qh4 Bxc4 24. dxc4 Rxd1 25. Rxd1 Bf6 {#} 26. Rd6 Qxg5 27.
Rxf6 Qxh4 28. gxh4 Ne5 29. Rd6 Nxc4 30. Rd7 Nf5 31. Bd5 Nxb2 32. Rxa7 Ne3 33.
Bf3 Nbc4 34. Kf2 Kg7 35. h5 Rd8 36. Be2 Rd6 37. a4 Rf6+ 38. Ke1 Rf4 39. Rd7 Rh4
40. Re7 Rxh2 41. Re4 f5 42. Re6 Kf7 43. Rc6 f4 44. Bf3 Ne5 45. Rc7+ Kf6 0-1

[Event "Championnat de France - Open A"]
[Site "Val d'Isere"]
[Date "2002.08.??"]
[Round "9.2"]
[White "Broca, Alexandre"]
[Black "Camus De Sollier, Guillaume"]
[Result "0-1"]
[WhiteElo "2126"]
[BlackElo "2133"]
[PlyCount "47"]
[EventDate "2002.08.??"]
[SourceDate "2002.08.21"]

1. f4 d5 2. Nf3 g6 3. e3 Bg7 4. c4 Nf6 5. d4 c5 6. Na3 O-O 7. Bd2 Ne4 8. cxd5
Bg4 9. Be2 Qxd5 10. Nb5 Qd8 11. dxc5 Na6 12. c6 bxc6 13. Nbd4 Qb6 14. Qc2 Nxd2
15. Qxd2 c5 16. Nb5 Rad8 17. Qc1 Nb4 18. O-O Nd3 19. Qc4 Nxb2 20. Qc2 Bxf3 21.
Rxf3 Qa5 22. a4 Rd2 23. Qxc5 Rxe2 24. Qxa7 {(temps)} 0-1